000 00662nam a2200277Ia 4500
005 20260324115139.0
008 008 260324s9999 xx 000 0 eng d
020 _a9781315170251
037 _aEBOOK
040 _aCRL
040 _beng
040 _cCRL
041 _2eng
041 _aeng
084 _qCRL
100 _aJohn R. Vacca
_91152715
245 0 _aOnline Terrorist Propaganda, Recruitment, and Radicalization
260 _bTaylor and Francis
260 _c2019
365 _a
365 _b195
856 _uhttp://www.taylorfrancis.com/books/9781315170251
942 _cEBOOK
999 _c1744203
_d1744203